[Event "Deutsche Ländermeisterschaft 2023"]
[Site "Hannover GER"]
[Date "2023.10.03"]
[Round "4"]
[White "Chassard, Cedric"]
[Black "Weihrauch, Jakob"]
[Result "1/2-1/2"]
[Termination "normal"]
[Board "6.1"]
[WhiteTitle "FM"]
[BlackTitle "FM"]
[WhiteElo "2349"]
[BlackElo "2308"]
[WhiteClock "00:00:58"]
[BlackClock "00:01:06"]
[WhiteTeam "Saarland & Friends"]
[BlackTeam "Hamburg"]
[PlyCount "73"]
[WhiteFideId "16243536"]
[BlackFideId "16210115"]
[EventCountry "GER"]
[EventRounds "7"]
[EventType "team-swiss"]
[EventDate "2023.09.30"]

1. e4 {[%clk 01:30:57]} {[%emt 00:00:01]} c5 {[%clk 01:30:52]} {[%emt
00:00:09]} 2. Nf3 {[%clk 01:31:22]} {[%emt 00:00:04]} d6 {[%clk 01:31:00]}
{[%emt 00:00:23]} 3. Bb5+ {[%clk 01:31:46]} {[%emt 00:00:06]} Nd7 {[%clk
01:31:01]} {[%emt 00:00:30]} 4. O-O {[%clk 01:31:43]} {[%emt 00:00:32]} Ngf6
{[%clk 01:29:07]} {[%emt 00:02:24]} 5. Re1 {[%clk 01:31:33]} {[%emt 00:00:40]}
a6 {[%clk 01:28:10]} {[%emt 00:01:27]} 6. Bd3 {[%clk 01:31:26]} {[%emt
00:00:37]} b5 {[%clk 01:26:40]} {[%emt 00:02:01]} 7. c4 {[%clk 01:31:35]}
{[%emt 00:00:20]} bxc4 {[%clk 01:14:51]} {[%emt 00:12:19]} 8. Bxc4 {[%clk
01:31:53]} {[%emt 00:00:12]} e6 {[%clk 01:12:40]} {[%emt 00:02:41]} 9. d4
{[%clk 01:28:07]} {[%emt 00:04:17]} cxd4 {[%clk 01:08:52]} {[%emt 00:04:18]}
10. Nxd4 {[%clk 01:24:27]} {[%emt 00:04:09]} Nb6 {[%clk 01:03:55]} {[%emt
00:05:27]} 11. Bb3 {[%clk 01:22:57]} {[%emt 00:02:01]} e5 {[%clk 00:59:01]}
{[%emt 00:05:25]} 12. Nf5 {[%clk 00:47:57]} {[%emt 00:35:30]} h6 {[%clk
00:48:43]} {[%emt 00:10:47]} 13. f4 {[%clk 00:45:14]} {[%emt 00:03:13]} Qc7
{[%clk 00:47:01]} {[%emt 00:02:12]} 14. Nc3 {[%clk 00:38:08]} {[%emt 00:07:36]}
g6 {[%clk 00:40:28]} {[%emt 00:07:03]} 15. Ne3 {[%clk 00:33:03]} {[%emt
00:05:35]} Qc5 {[%clk 00:23:25]} {[%emt 00:17:33]} 16. Kh1 {[%clk 00:28:01]}
{[%emt 00:05:32]} Bg7 {[%clk 00:19:13]} {[%emt 00:04:42]} 17. Qf3 {[%clk
00:26:22]} {[%emt 00:02:09]} O-O {[%clk 00:17:57]} {[%emt 00:01:46]} 18. Ncd5
{[%clk 00:23:46]} {[%emt 00:03:05]} exf4 {[%clk 00:15:44]} {[%emt 00:02:44]}
19. Qxf4 {[%clk 00:19:32]} {[%emt 00:04:44]} Nbxd5 {[%clk 00:14:19]} {[%emt
00:01:56]} 20. Nxd5 {[%clk 00:19:48]} {[%emt 00:00:13]} Nxd5 {[%clk 00:13:09]}
{[%emt 00:01:40]} 21. Bxd5 {[%clk 00:20:04]} {[%emt 00:00:14]} Rb8 {[%clk
00:13:18]} {[%emt 00:00:21]} 22. Be3 {[%clk 00:19:35]} {[%emt 00:00:57]} Qc7
{[%clk 00:12:11]} {[%emt 00:01:39]} 23. Qg3 {[%clk 00:15:23]} {[%emt 00:04:42]}
Kh7 {[%clk 00:11:13]} {[%emt 00:01:28]} 24. Rac1 {[%clk 00:10:42]} {[%emt
00:05:12]} Qe7 {[%clk 00:11:18]} {[%emt 00:00:25]} 25. b3 {[%clk 00:10:25]}
{[%emt 00:00:47]} Be5 {[%clk 00:08:53]} {[%emt 00:02:55]} 26. Bf4 {[%clk
00:10:23]} {[%emt 00:00:31]} Bxf4 27. Qxf4 {[%clk 00:10:52]} Be6 {[%clk
00:06:37]} {[%emt 00:01:24]} 28. h3 {[%clk 00:08:57]} {[%emt 00:02:25]} Rbc8
{[%clk 00:05:57]} {[%emt 00:01:10]} 29. Qd2 {[%clk 00:04:49]} {[%emt 00:04:38]}
Rxc1 {[%clk 00:04:21]} {[%emt 00:02:06]} 30. Rxc1 {[%clk 00:05:08]} {[%emt
00:00:11]} Rc8 {[%clk 00:02:52]} {[%emt 00:01:59]} 31. Rxc8 Bxc8 {[%clk
00:03:21]} 32. Qc3 {[%clk 00:02:33]} {[%emt 00:01:34]} Bb7 {[%clk 00:02:19]}
{[%emt 00:01:32]} 33. Bxb7 {[%clk 00:01:17]} Qxb7 {[%clk 00:02:48]} 34. Qc4
{[%clk 00:01:46]} Kg8 {[%clk 00:02:09]} {[%emt 00:01:08]} 35. a4 {[%clk
00:01:15]} {[%emt 00:01:02]} a5 {[%clk 00:01:31]} {[%emt 00:01:08]} 36. Qd3
{[%clk 00:00:57]} {[%emt 00:00:48]} Qb4 {[%clk 00:01:06]} {[%emt 00:00:54]} 37.
Kh2 {[%clk 00:00:58]} {[%emt 00:00:29]} 1/2-1/2

[Event "Deutsche Ländermeisterschaft 2023"]
[Site "Hannover GER"]
[Date "2023.10.03"]
[Round "4"]
[White "Avdic, Faris"]
[Black "Windmüller, Simon"]
[Result "1-0"]
[Termination "normal"]
[Board "6.2"]
[WhiteElo "2106"]
[BlackElo "1970"]
[WhiteClock "01:05:46"]
[BlackClock "00:00:35"]
[WhiteTeam "Hamburg"]
[BlackTeam "Saarland & Friends"]
[PlyCount "67"]
[WhiteFideId "14422328"]
[BlackFideId "16274032"]
[EventCountry "GER"]
[EventRounds "7"]
[EventType "team-swiss"]
[EventDate "2023.09.30"]

1. d4 {[%clk 01:30:54]} {[%emt 00:00:05]} Nf6 {[%clk 01:28:58]} {[%emt
00:02:03]} 2. c4 {[%clk 01:31:17]} {[%emt 00:00:07]} e6 {[%clk 01:29:22]}
{[%emt 00:00:05]} 3. Nc3 {[%clk 01:31:41]} {[%emt 00:00:06]} Bb4 {[%clk
01:29:46]} {[%emt 00:00:06]} 4. f3 {[%clk 01:32:05]} {[%emt 00:00:06]} c5
{[%clk 01:30:06]} {[%emt 00:00:10]} 5. d5 {[%clk 01:32:28]} {[%emt 00:00:07]}
O-O {[%clk 01:28:35]} {[%emt 00:02:00]} 6. e4 {[%clk 01:32:51]} {[%emt
00:00:07]} b5 {[%clk 01:23:51]} {[%emt 00:05:14]} 7. e5 {[%clk 01:31:52]}
{[%emt 00:01:29]} exd5 {[%clk 01:23:33]} {[%emt 00:00:48]} 8. exf6 {[%clk
01:28:29]} {[%emt 00:03:53]} d4 {[%clk 01:23:47]} {[%emt 00:00:16]} 9. a3
{[%clk 01:28:39]} {[%emt 00:00:20]} Re8+ {[%clk 00:58:12]} {[%emt 00:26:05]}
10. Kf2 {[%clk 01:25:38]} {[%emt 00:03:31]} Ba5 {[%clk 00:48:56]} {[%emt
00:09:47]} 11. b4 {[%clk 01:17:22]} {[%emt 00:08:45]} dxc3 {[%clk 00:38:03]}
{[%emt 00:11:24]} 12. bxa5 {[%clk 01:17:13]} {[%emt 00:00:39]} Qxf6 {[%clk
00:37:10]} {[%emt 00:01:23]} 13. Ra2 {[%clk 01:14:26]} {[%emt 00:03:16]} b4
{[%clk 00:29:51]} {[%emt 00:07:50]} 14. Re2 {[%clk 01:11:20]} {[%emt 00:03:35]}
Re5 {[%clk 00:15:27]} {[%emt 00:14:54]} 15. Qd5 {[%clk 01:03:31]} {[%emt
00:08:19]} Nc6 {[%clk 00:14:34]} {[%emt 00:01:23]} 16. Rxe5 {[%clk 01:03:28]}
{[%emt 00:00:33]} Qxe5 {[%clk 00:14:03]} {[%emt 00:01:01]} 17. Qxe5 {[%clk
01:03:48]} {[%emt 00:00:10]} Nxe5 {[%clk 00:14:30]} {[%emt 00:00:04]} 18. Bf4
{[%clk 01:03:54]} {[%emt 00:00:23]} d6 {[%clk 00:03:56]} {[%emt 00:11:04]} 19.
Bxe5 {[%clk 01:03:35]} {[%emt 00:00:50]} dxe5 {[%clk 00:04:25]} 20. Bd3 {[%clk
01:03:47]} {[%emt 00:00:16]} b3 {[%clk 00:02:53]} {[%emt 00:02:04]} 21. Ne2
{[%clk 01:04:02]} {[%emt 00:00:14]} c2 {[%clk 00:02:49]} {[%emt 00:00:34]} 22.
Ke3 {[%clk 01:04:17]} {[%emt 00:00:15]} Bd7 {[%clk 00:02:19]} {[%emt 00:01:00]}
23. Kd2 {[%clk 01:04:37]} {[%emt 00:00:10]} Rb8 {[%clk 00:01:49]} {[%emt
00:01:00]} 24. Kc3 {[%clk 01:04:55]} {[%emt 00:00:12]} Ba4 {[%clk 00:01:00]}
{[%emt 00:01:20]} 25. Kb2 {[%clk 01:05:08]} {[%emt 00:00:16]} Rd8 {[%clk
00:01:17]} {[%emt 00:00:13]} 26. Nc1 {[%clk 01:05:28]} {[%emt 00:00:10]} g6
{[%clk 00:00:38]} {[%emt 00:01:09]} 27. Re1 {[%clk 01:05:50]} {[%emt 00:00:06]}
f6 {[%clk 00:01:04]} {[%emt 00:00:05]} 28. Re3 {[%clk 01:06:13]} {[%emt
00:00:08]} Kf7 {[%clk 00:00:39]} {[%emt 00:00:56]} 29. Ne2 {[%clk 01:05:57]}
{[%emt 00:00:45]} Rb8 {[%clk 00:00:34]} {[%emt 00:00:37]} 30. Nc3 {[%clk
01:05:55]} {[%emt 00:00:30]} Bc6 {[%clk 00:00:53]} {[%emt 00:00:11]} 31. Be4
{[%clk 01:06:13]} {[%emt 00:00:12]} Bxe4 {[%clk 00:01:05]} {[%emt 00:00:19]}
32. Nxe4 {[%clk 01:06:37]} {[%emt 00:00:05]} Rd8 {[%clk 00:01:06]} {[%emt
00:00:28]} 33. Rxb3 {[%clk 01:06:41]} {[%emt 00:00:27]} c1=B+ {[%clk 00:00:35]}
{[%emt 00:01:01]} 34. Kxc1 {[%clk 01:05:46]} {[%emt 00:01:25]} 1-0

[Event "Deutsche Ländermeisterschaft 2023"]
[Site "Hannover GER"]
[Date "2023.10.03"]
[Round "4"]
[White "Kalina, Lena"]
[Black "Fuhrmann, Bahne"]
[Result "1/2-1/2"]
[Termination "normal"]
[Board "6.3"]
[WhiteElo "1718"]
[BlackElo "2097"]
[WhiteClock "00:14:16"]
[BlackClock "00:07:18"]
[WhiteTeam "Saarland & Friends"]
[BlackTeam "Hamburg"]
[PlyCount "98"]
[WhiteFideId "12988014"]
[BlackFideId "16244842"]
[EventCountry "GER"]
[EventRounds "7"]
[EventType "team-swiss"]
[EventDate "2023.09.30"]

1. d4 {[%clk 01:30:57]} {[%emt 00:00:02]} Nf6 {[%clk 01:30:57]} {[%emt
00:00:04]} 2. c4 {[%clk 01:31:21]} {[%emt 00:00:06]} g6 {[%clk 01:31:26]}
{[%emt 00:00:01]} 3. Nf3 {[%clk 01:31:45]} {[%emt 00:00:06]} Bg7 {[%clk
01:31:53]} {[%emt 00:00:03]} 4. g3 {[%clk 01:32:09]} {[%emt 00:00:06]} d5
{[%clk 01:32:20]} {[%emt 00:00:03]} 5. cxd5 {[%clk 01:29:46]} {[%emt 00:02:54]}
Nxd5 {[%clk 01:32:43]} {[%emt 00:00:06]} 6. e4 {[%clk 01:19:26]} {[%emt
00:10:50]} Nb6 {[%clk 01:31:57]} {[%emt 00:01:15]} 7. h3 {[%clk 01:13:31]}
{[%emt 00:06:26]} Nc6 {[%clk 01:27:31]} {[%emt 00:04:56]} 8. Be3 {[%clk
01:12:17]} {[%emt 00:01:44]} O-O {[%clk 01:24:58]} {[%emt 00:03:02]} 9. Nc3
{[%clk 01:09:04]} {[%emt 00:03:43]} Na5 {[%clk 01:23:44]} {[%emt 00:01:45]} 10.
Bg2 {[%clk 01:02:22]} {[%emt 00:07:12]} Nac4 {[%clk 01:21:48]} {[%emt
00:02:26]} 11. Bc1 {[%clk 01:01:18]} {[%emt 00:01:33]} c5 {[%clk 01:20:23]}
{[%emt 00:01:56]} 12. d5 {[%clk 00:56:07]} {[%emt 00:05:42]} f5 {[%clk
01:17:49]} {[%emt 00:03:03]} 13. Nd2 {[%clk 00:52:28]} {[%emt 00:04:08]} fxe4
{[%clk 01:08:06]} {[%emt 00:10:14]} 14. Ndxe4 {[%clk 00:49:25]} {[%emt
00:03:33]} Bd4 {[%clk 01:07:29]} {[%emt 00:01:06]} 15. O-O {[%clk 00:47:00]}
{[%emt 00:02:56]} Bf5 {[%clk 00:59:27]} {[%emt 00:08:32]} 16. Qe2 {[%clk
00:41:19]} {[%emt 00:06:10]} Bxe4 {[%clk 00:49:51]} {[%emt 00:10:07]} 17. Bxe4
{[%clk 00:36:02]} {[%emt 00:05:47]} Nd6 {[%clk 00:45:10]} {[%emt 00:05:10]} 18.
Bg2 {[%clk 00:33:55]} {[%emt 00:02:37]} Nbc4 {[%clk 00:44:09]} {[%emt
00:01:31]} 19. Bg5 {[%clk 00:25:03]} {[%emt 00:09:22]} Rf7 {[%clk 00:40:00]}
{[%emt 00:04:38]} 20. Rac1 {[%clk 00:22:46]} {[%emt 00:02:46]} Qf8 {[%clk
00:37:09]} {[%emt 00:03:22]} 21. Rc2 {[%clk 00:20:05]} {[%emt 00:03:12]} Nxb2
{[%clk 00:31:38]} {[%emt 00:06:01]} 22. Be3 {[%clk 00:12:01]} {[%emt 00:08:34]}
Bxe3 {[%clk 00:24:42]} {[%emt 00:07:26]} 23. Qxe3 {[%clk 00:12:13]} {[%emt
00:00:18]} Nbc4 {[%clk 00:25:08]} {[%emt 00:00:03]} 24. Qxc5 {[%clk 00:11:15]}
{[%emt 00:01:28]} Qg7 {[%clk 00:25:23]} {[%emt 00:00:15]} 25. Ne4 {[%clk
00:10:17]} {[%emt 00:01:29]} Rff8 {[%clk 00:22:37]} {[%emt 00:03:16]} 26. Nxd6
{[%clk 00:09:54]} {[%emt 00:00:53]} Nxd6 {[%clk 00:23:02]} {[%emt 00:00:04]}
27. Qc3 {[%clk 00:07:32]} {[%emt 00:02:52]} b5 {[%clk 00:17:54]} {[%emt
00:05:38]} 28. Qxg7+ {[%clk 00:06:14]} {[%emt 00:01:48]} Kxg7 {[%clk 00:18:19]}
{[%emt 00:00:05]} 29. Rc7 {[%clk 00:06:38]} {[%emt 00:00:07]} Kf6 {[%clk
00:18:27]} {[%emt 00:00:22]} 30. Re1 {[%clk 00:06:28]} {[%emt 00:00:39]} Rf7
{[%clk 00:16:13]} {[%emt 00:02:45]} 31. Re6+ {[%clk 00:06:46]} {[%emt
00:00:11]} Kg7 {[%clk 00:16:39]} {[%emt 00:00:04]} 32. Rexe7 {[%clk 00:06:31]}
{[%emt 00:00:45]} Kf8 {[%clk 00:13:36]} {[%emt 00:03:34]} 33. Rxf7+ {[%clk
00:05:48]} {[%emt 00:01:13]} Nxf7 {[%clk 00:14:05]} {[%emt 00:00:02]} 34. d6
{[%clk 00:04:18]} {[%emt 00:01:59]} Rd8 {[%clk 00:14:22]} {[%emt 00:00:12]} 35.
d7 {[%clk 00:04:22]} {[%emt 00:00:26]} a6 {[%clk 00:11:55]} {[%emt 00:02:57]}
36. Ra7 {[%clk 00:02:09]} {[%emt 00:02:44]} Ne5 {[%clk 00:11:41]} {[%emt
00:00:44]} 37. Rxa6 {[%clk 00:01:37]} {[%emt 00:01:01]} Rxd7 {[%clk 00:12:10]}
{[%emt 00:00:02]} 38. Rb6 {[%clk 00:01:30]} {[%emt 00:00:37]} Rd1+ {[%clk
00:12:38]} {[%emt 00:00:02]} 39. Kh2 {[%clk 00:01:51]} {[%emt 00:00:10]} Rb1
{[%clk 00:12:16]} {[%emt 00:00:52]} 40. Bd5 {[%clk 00:01:33]} {[%emt 00:00:48]}
Rb2 {[%clk 00:05:24]} {[%emt 00:07:21]} 41. Kg1 {[%clk 00:28:03]} {[%emt
00:04:00]} Nd3 {[%clk 00:24:19]} {[%emt 00:11:36]} 42. f4 {[%clk 00:24:53]}
{[%emt 00:03:40]} Nc1 {[%clk 00:22:32]} {[%emt 00:02:16]} 43. Bc4 {[%clk
00:18:47]} {[%emt 00:06:37]} Nxa2 {[%clk 00:12:57]} {[%emt 00:10:05]} 44. Bxa2
{[%clk 00:14:23]} {[%emt 00:04:55]} Rxa2 {[%clk 00:13:20]} {[%emt 00:00:07]}
45. Rxb5 {[%clk 00:14:50]} {[%emt 00:00:03]} Kf7 {[%clk 00:07:35]} {[%emt
00:06:15]} 46. Kf1 {[%clk 00:14:39]} {[%emt 00:00:40]} h6 {[%clk 00:07:08]}
{[%emt 00:00:58]} 47. h4 {[%clk 00:13:57]} {[%emt 00:01:12]} h5 {[%clk
00:07:04]} {[%emt 00:00:34]} 48. Re5 {[%clk 00:13:58]} {[%emt 00:00:28]} Kf6
{[%clk 00:07:14]} {[%emt 00:00:21]} 49. Re2 {[%clk 00:14:16]} {[%emt 00:00:12]}
Ra5 {[%clk 00:07:18]} {[%emt 00:00:25]} *

[Event "Deutsche Ländermeisterschaft 2023"]
[Site "Hannover GER"]
[Date "2023.10.03"]
[Round "4"]
[White "Hubert, Charlotte"]
[Black "Unbehend, Marius"]
[Result "1-0"]
[Termination "normal"]
[Board "6.4"]
[WhiteElo "1850"]
[BlackElo "1595"]
[WhiteClock "00:12:23"]
[BlackClock "00:06:54"]
[WhiteTeam "Hamburg"]
[BlackTeam "Saarland & Friends"]
[PlyCount "89"]
[WhiteFideId "16265920"]
[BlackFideId "16214420"]
[EventCountry "GER"]
[EventRounds "7"]
[EventType "team-swiss"]
[EventDate "2023.09.30"]

1. e4 {[%clk 01:30:56]} {[%emt 00:00:03]} e6 {[%clk 01:30:57]} {[%emt
00:00:05]} 2. d4 {[%clk 01:31:13]} {[%emt 00:00:12]} d5 {[%clk 01:31:22]}
{[%emt 00:00:05]} 3. Nc3 {[%clk 01:31:11]} {[%emt 00:00:31]} Bb4 {[%clk
01:31:48]} {[%emt 00:00:05]} 4. e5 {[%clk 01:31:33]} {[%emt 00:00:08]} c5
{[%clk 01:32:16]} {[%emt 00:00:03]} 5. a3 {[%clk 01:31:53]} {[%emt 00:00:10]}
Bxc3+ {[%clk 01:32:42]} {[%emt 00:00:04]} 6. bxc3 {[%clk 01:32:15]} {[%emt
00:00:07]} Ne7 {[%clk 01:33:08]} {[%emt 00:00:04]} 7. h4 {[%clk 01:32:11]}
{[%emt 00:00:34]} Qc7 {[%clk 01:33:22]} {[%emt 00:00:17]} 8. Rb1 {[%clk
01:32:04]} {[%emt 00:00:36]} cxd4 {[%clk 01:33:37]} {[%emt 00:00:15]} 9. cxd4
{[%clk 01:32:26]} {[%emt 00:00:08]} Nbc6 {[%clk 01:33:30]} {[%emt 00:00:38]}
10. h5 {[%clk 01:23:48]} {[%emt 00:09:07]} Nf5 {[%clk 01:21:17]} {[%emt
00:12:44]} 11. Nf3 {[%clk 01:18:37]} {[%emt 00:05:40]} Ncxd4 {[%clk 01:17:26]}
{[%emt 00:04:22]} 12. Nxd4 {[%clk 01:15:26]} {[%emt 00:03:41]} Qc3+ {[%clk
01:17:04]} {[%emt 00:00:52]} 13. Bd2 {[%clk 01:14:37]} {[%emt 00:01:18]} Qxd4
{[%clk 01:17:28]} {[%emt 00:00:07]} 14. Bb5+ {[%clk 01:13:42]} {[%emt
00:01:25]} Kd8 {[%clk 01:11:19]} {[%emt 00:06:38]} 15. c4 {[%clk 00:54:12]}
{[%emt 00:20:00]} Qe4+ {[%clk 01:03:18]} {[%emt 00:08:31]} 16. Kf1 {[%clk
00:53:36]} {[%emt 00:01:06]} d4 {[%clk 00:47:11]} {[%emt 00:16:38]} 17. Qb3
{[%clk 00:40:50]} {[%emt 00:13:15]} Qxe5 {[%clk 00:40:11]} {[%emt 00:07:30]}
18. Qf3 {[%clk 00:30:23]} {[%emt 00:10:56]} Nd6 {[%clk 00:18:36]} {[%emt
00:22:06]} 19. Ba5+ {[%clk 00:23:58]} {[%emt 00:06:55]} Ke7 {[%clk 00:16:04]}
{[%emt 00:03:02]} 20. Rh4 {[%clk 00:16:14]} {[%emt 00:08:13]} Qf5 {[%clk
00:10:37]} {[%emt 00:05:57]} 21. Qd1 {[%clk 00:14:08]} {[%emt 00:02:35]} e5
{[%clk 00:06:51]} {[%emt 00:04:17]} 22. Bb4 {[%clk 00:13:18]} {[%emt 00:01:20]}
Qf6 {[%clk 00:05:22]} {[%emt 00:02:00]} 23. Qe2 {[%clk 00:10:17]} {[%emt
00:03:30]} Bf5 {[%clk 00:02:20]} {[%emt 00:03:33]} 24. Rxd4 {[%clk 00:09:00]}
{[%emt 00:01:46]} Rhd8 {[%clk 00:02:16]} {[%emt 00:00:34]} 25. Rbd1 {[%clk
00:08:34]} {[%emt 00:00:55]} a6 {[%clk 00:01:26]} {[%emt 00:01:21]} 26. Rxd6
{[%clk 00:07:45]} {[%emt 00:01:19]} Rxd6 {[%clk 00:01:48]} {[%emt 00:00:09]}
27. Rxd6 {[%clk 00:07:30]} {[%emt 00:00:44]} Qxd6 {[%clk 00:01:23]} {[%emt
00:00:56]} 28. Qxe5+ {[%clk 00:07:53]} {[%emt 00:00:07]} Kf8 {[%clk 00:01:44]}
{[%emt 00:00:08]} 29. Bxd6+ {[%clk 00:07:54]} {[%emt 00:00:28]} Kg8 {[%clk
00:02:12]} {[%emt 00:00:03]} 30. Qxf5 {[%clk 00:08:09]} {[%emt 00:00:15]} axb5
{[%clk 00:02:38]} {[%emt 00:00:04]} 31. cxb5 {[%clk 00:08:29]} {[%emt
00:00:09]} h6 {[%clk 00:02:46]} {[%emt 00:00:24]} 32. Qd7 {[%clk 00:08:39]}
{[%emt 00:00:18]} b6 {[%clk 00:03:04]} {[%emt 00:00:13]} 33. Qb7 {[%clk
00:08:53]} {[%emt 00:00:15]} Re8 {[%clk 00:03:20]} {[%emt 00:00:15]} 34. Qxb6
{[%clk 00:09:17]} {[%emt 00:00:07]} Re6 {[%clk 00:03:46]} {[%emt 00:00:03]} 35.
a4 {[%clk 00:09:36]} {[%emt 00:00:11]} Kh7 {[%clk 00:04:08]} {[%emt 00:00:08]}
36. a5 {[%clk 00:09:57]} {[%emt 00:00:09]} g6 {[%clk 00:04:28]} {[%emt
00:00:10]} 37. hxg6+ {[%clk 00:10:19]} {[%emt 00:00:08]} Kxg6 {[%clk 00:04:54]}
{[%emt 00:00:05]} 38. a6 {[%clk 00:10:34]} {[%emt 00:00:14]} f5 {[%clk
00:05:18]} {[%emt 00:00:07]} 39. a7 {[%clk 00:10:54]} {[%emt 00:00:09]} h5
{[%clk 00:05:42]} {[%emt 00:00:06]} 40. a8=Q {[%clk 00:11:12]} {[%emt
00:00:12]} h4 {[%clk 00:06:02]} {[%emt 00:00:11]} 41. Qg8+ {[%clk 00:11:29]}
{[%emt 00:00:12]} Kf6 {[%clk 00:06:26]} {[%emt 00:00:07]} 42. Be5+ {[%clk
00:11:50]} {[%emt 00:00:09]} Kxe5 {[%clk 00:06:14]} {[%emt 00:00:42]} 43.
Qgxe6+ {[%clk 00:12:11]} {[%emt 00:00:08]} Kf4 {[%clk 00:06:35]} {[%emt
00:00:10]} 44. Qbe3+ {[%clk 00:12:23]} {[%emt 00:00:17]} Kg4 {[%clk 00:06:54]}
{[%emt 00:00:13]} 45. Qg6# {[%emt 00:00:07]} 1-0